Catálogo
 En Linea

Es un hecho la evolución? / (Registro nro. 35987)

Detalles MARC
000 -CABECERA
campo de control de longitud fija 00516nam a2200157 a 4500
001 - NÚMERO DE CONTROL
campo de control 000036496
005 - FECHA Y HORA DE LA ÚLTIMA TRANSACCIÓN
campo de control 20200930075750.0
008 - DATOS DE LONGITUD FIJA--INFORMACIÓN GENERAL
campo de control de longitud fija 120118s19uu ag 000 0 spa d
040 ## - FUENTE DE LA CATALOGACIÓN
Centro catalogador/agencia de origen DO-SdBNP
Lengua de catalogación spa
Centro/agencia transcriptor BNPHU
100 1# - ENTRADA PRINCIPAL--NOMBRE DE PERSONA
Nombre de persona Reno, Cora A.
9 (RLIN) 62738
245 10 - MENCIÓN DE TÍTULO
Título Es un hecho la evolución? /
Mención de responsabilidad, etc. Cora A. Reno ; versión castellana por Ana María Swenson.
260 ## - PUBLICACIÓN, DISTRIBUCIÓN, ETC.
Lugar de publicación, distribución, etc. Argentina :
Nombre del editor, distribuidor, etc. Casa Bautista de Publicaciones,
Fecha de publicación, distribución, etc. [199?].
300 ## - DESCRIPCIÓN FÍSICA
Extensión 128 p. ;
Dimensiones 19 cm.
500 ## - NOTA GENERAL
Nota general Incluye índice
700 12 - PUNTO DE ACCESO ADICIONAL--NOMBRE DE PERSONA
Nombre de persona Swenson, Ana María
9 (RLIN) 43676
Existencias
Estado de retiro Estado de pérdida Restricciones de uso No para préstamo Código de colección Localización permanente Ubicación/localización actual Ubicación en estantería Fecha de adquisición Número de inventario Total de préstamos Signatura topográfica completa Código de barras Fecha visto por última vez Precio válido a partir de Tipo de ítem Koha
      Excluido de préstamo Monografías: Libros y Folletos General General En catalogación 18.01.2012 LF1   36497-10 25.06.2020 25.06.2020 No se presta

Con tecnología Koha